The theology of the Gospel of Mark (Record no. 23534)

MARC details
000 -LEADER
fixed length control field 00580cam a2200181 a 4500
020 ## - INTERNATIONAL STANDARD BOOK NUMBER
ISBN 0521433665 (hardback)
020 ## - INTERNATIONAL STANDARD BOOK NUMBER
ISBN 0521439779 (pbk.)
082 00 - DEWEY DECIMAL CLASSIFICATION NUMBER
Classification number 226.306
Author Cutter TEL
100 1# - MAIN ENTRY--AUTHOR NAME
Author name Telford, William.
245 14 - TITLE STATEMENT
Title The theology of the Gospel of Mark
260 ## - PUBLICATION, DISTRIBUTION, ETC. (IMPRINT)
Place of publication Cambridge, UK ;
-- New York :
Name of publisher Cambridge University Press,
Year of publication 1999.
300 ## - PHYSICAL DESCRIPTION
Number of Pages xvi, 275 p. ;
650 ## - SUBJECT ADDED ENTRY--TOPICAL TERM
Topical Term Bible. Mark Theology
-- Theology
856 41 - ELECTRONIC LOCATION AND ACCESS
Uniform Resource Identifier http://www.loc.gov/catdir/toc/cam024/98035098.html
856 42 - ELECTRONIC LOCATION AND ACCESS
Uniform Resource Identifier http://www.loc.gov/catdir/description/cam029/98035098.html
942 ## - ADDED ENTRY ELEMENTS (KOHA)
Koha item type Books
Holdings
Home library Current library Shelving location Date acquired Source of acquisition Cost, normal purchase price Full call number Accession Number Koha item type
Henry Martyn Institute Library Henry Martyn Institute Library General stacks 06/25/2025 Kohinoor Book Distributor 8752.00 226.306 TEL 25989 Books
                   Copyright © 2026 | Henry Martyn Institute | Hyderabad | TS-500052 | INDIA | Implemented by hmi.edu.in
Hit-Count:

Powered by Koha